000
00268nam a2200109Ia 4500
008
200302s9999 xx 000 0 und d
100
_a
Ranne Otmar (Edi)
245
_a
Murphy/Jahn - Six Works
260
_b
Images Publishing, Austraila
260
_c
2001
300
_a
256 P
999
_c
4777
_d
4777